REPENSAR LA VIDA Y LA MUERTE : EL DERRUMBE DE NUESTRA ETICA TRADICIONAL /

TRADUCCION DE: RETHINKING LIFE AND OF DEATH. THE COLLAPSE OF OUR TRADITIONAL ETHICS

Đã lưu trong:
Chi tiết về thư mục
Tác giả chính: Singer, Peter (autor)
Định dạng: Sách
Loạt:PAIDOS TRANSICIONES ; 4
Những chủ đề:
Các nhãn: Thêm thẻ
Không có thẻ, Là người đầu tiên thẻ bản ghi này!

MARC

LEADER 00000nam^a2200000^a^4500
001 000232251
005 20250521000000.0
009 20260310104554.142
020 |a 84-493-0414-8 
035 |a 058316 
037 |a Acervo Xavier Clavigero 
082 |a 179. 7  |b SIN 
100 |a Singer, Peter  |e (autor) 
245 1 0 |a REPENSAR LA VIDA Y LA MUERTE :  |b EL DERRUMBE DE NUESTRA ETICA TRADICIONAL /  |c PETER SINGER ; TR. YOLANDA FONTAL RUEDA 
264 |a BARCELONA :  |b PAIDOS,  |c 1997 
300 |a 255 p. 
336 |a texto  |b txt  |2 rdacontenido 
337 |a sin mediación  |b n  |2 rdamedio 
338 |a volumen  |b nc  |2 rdasoporte 
440 |a PAIDOS TRANSICIONES ;  |v 4 
520 |a TRADUCCION DE: RETHINKING LIFE AND OF DEATH. THE COLLAPSE OF OUR TRADITIONAL ETHICS 
520 |a INCLUYE BIBLIOGRAFIA E INDICE 
649 |a XX 
650 |a Muerte 
650 |a Eutanasia 
650 |a Etica 
910 |a Fondo General 
920 |a Impresos - Libros 
930 |a Colección General 
905 |a 101 
901 |a 058316  |b IT1  |c ACC  |i 058316  |u 20250521 
902 |a https://opac.biblio.iteso.mx/vufind/Record/000232251